| 000 | 01401nam a2200373 a 4500 | ||
|---|---|---|---|
| 001 | 000108813 | ||
| 003 | CHAP | ||
| 005 | 20220329144025.0 | ||
| 008 | 140313s2013 mx sm |||||||spa d | ||
| 010 | _a105275 | ||
| 011 | _a106247 | ||
| 040 | _cCHAP | ||
| 090 | _aTesis | ||
| 100 | 1 |
_aAguilar Paniagua, Neri Yoana _9125876 |
|
| 245 | 1 | 0 |
_aEfecto de la temperatura y análisis geoespaciales aplicados para determinar la dispersión de la roya Asiática en Tamaulipas, México _h[En línea] _cpor Neri Yoana Aguilar Paniagua. |
| 260 |
_aChapingo, Méx. : _bEl autor, _c2013. |
||
| 500 | _aPara ver el contenido del material haga clic en la liga | ||
| 502 | _aTesis (M. C. en Protección Vegetal) -- UACH. Departamento de Parasitología Agrícola | ||
| 590 |
_aBATCH-UPD _b05 _c20140324 _lUCH01 _h1536 |
||
| 590 |
_aBATCH-UPD _b05 _c20141002 _lUCH01 _h0857 |
||
| 590 |
_aBATCH _b00 _c20181121 _lUCH01 _h0758 |
||
| 590 |
_aE6096MTM _b05 _c20140313 _lUCH01 _h1139 |
||
| 590 |
_aE6096MTM _b05 _c20140313 _lUCH01 _h1140 |
||
| 650 | 1 | 4 |
_aRoya de la soya. _9100377 |
| 650 | 1 | 4 |
_aSoya _xEnfermedades. _9109044 |
| 650 | 1 | 4 |
_aSoya _xSan Luis Potosí. _9109086 |
| 650 | 1 | 4 |
_aSoya _xTamaulipas. _9109092 |
| 650 | 1 | 4 |
_aTemperatura _xEfecto en soya. _9112225 |
| 856 |
_a1 _n0000100 |
||
| 856 |
_aFinding aid _uhttp://10.13.5.2/tesis/sist108813.pdf _zTeclea aquí |
||
| 901 | _aBK | ||
| 942 | _cTESIS | ||
| 942 | _n0 | ||
| 999 |
_c105275 _d105275 |
||